| 000 | 00645nam a2200217Ia 4500 | ||
|---|---|---|---|
| 005 | 20250508165535.0 | ||
| 008 | 008 250505s9999 xx 000 0 eng d | ||
| 020 | _a978-81-7541-821-9 | ||
| 037 | _aReference | ||
| 040 |
_aFEDL _beng _cFEDL |
||
| 041 |
_aeng _2eng |
||
| 084 |
_a362.7, MAH/RR _qFEDL |
||
| 100 |
_aMahadevan Udaya Ed. _9781138 |
||
| 245 | 0 | _aYouth development: Emerging perspectives | |
| 260 |
_aDelhi, India _bShipra Publications _c2015 |
||
| 300 | _axvi, 254p. | ||
| 365 |
_aINR _b950 |
||
| 700 |
_a Rozario Henry Ed. Gireesan K Ed. _9781139 |
||
| 942 |
_cREF _h362.7, MAH/RR |
||
| 999 |
_c1395749 _d1395749 |
||